1235 1504 1530 1659 1225 1617 1369 1268 1903 1037 1484 1172 1705 1504 1095 1363 1886 1377 1832 1894 1291 1193 1491 1157 1682 1662 1099 1313 1270 1537 1490 1696 1768 1791 1109 1657 1194 1062 1312 1079 1415 1160 1576 1319 1290 1211 1757 1154 1980 1123 1629 1491 1631 1510 1774 1937 1331 1703 1570 1753 1878 1640 1870 1158 1739 1940 1062 1192 1985 1636 1291 1948 1669 1530 1673 1097 1245 1185 1531 1966 1626 1639 1336 1382 1533 1079 1590 1448 1678 1497 1259 1902 1332 1620 1431 1134 1490 1746 1605 BCNSPRNW ULIB Ver.6.0+V

เปลี่ยนเป็นภาษาไทย

Change to English
 แสดงรายละเอียดบรรณานุกรม
  กลับหน้าหลัก

Brief Record : Get Marc (ISO 2709) : E-mail record : QR code < ปิดหน้าต่าง
LEADER : 00000nam 2200000uu 4500
001    13399122708
003     ULIB
008    020711s2555 th a 000 0 tha d
020    9786160005413
050  4 DS520^bธ639ท
100    ธีรภาพ โลหิตกุล
245    ท่องแดนอาเซียน /^cธีรภาพ โลหิตกุล และคณะ
260    กรุงเทพฯ :^bสถาพรบุ๊คส์,^c2555
300    205 หน้า
650  7 ประชาคมอาเซียน
650  0 ท่องเที่ยว^xอาเซียน
945    ^p250^l0^i20147
999    ^aทศพร เกษรทอง
รายการนี้ยังไม่มีแท็ก
คุณยังไม่ได้ล็อกอิน คุณสามารถมีกิจกรรมร่วมกับเว็บไซต์ได้ แต่ต้องล็อกอินก่อน ::
  ล็อกอิน

รายการสื่อสารสนเทศ

ลำดับที่ ประเภท เลขเรียก/บาร์โค้ด สถานที่ สถานะ
1. การศึกษาทั่วไป
การศึกษาทั่วไป
DS520 ธ639ท ฉ.1 
  Barcode: 20147
ห้องสมุดวิทยาเขตนครสวรรค์
►หนังสือทั่วไป:l:General Books
บนชั้น

รายการใกล้เคียง
    ผู้แต่ง [ธีรภาพ โลหิตกุล]

    หัวเรื่อง [ประชาคมอาเซียน]

BibComment


ยังไม่เคยถูกคอมเมนท์

คอมเมนท์ทรัพยากรรายการนี้
  คอมเมนท์: ท่องแดนอาเซียน ธ..


 Copyright 2026. Bcnsprnw @Library